000 01030nam a2200265 a 4500
001 BRCA_5465
005 20190320205105.0
008 750415s1905 gw-ac#####---#000-0#ger-#
041 _ager
044 _agw
050 4 _aND813.V4
_b.V45 1905
245 1 0 _aVelazquez:
_bdes Meisters Gemälde in 146 Abbildungen
_cmit einer biographischen einleitung von Walther Gensel.
260 _aStuttgart, Alemania
_bDeutsche Verlag-Anstalt
_c1905
300 _axxix, 160 p. principalmente láminas
_bil., láminas, retratos
_c25 cm.
440 0 _aKlassiker der Kunst: in gesamtausgaben
_v6
_913963
500 _aIncluye lista cronológica de las pinturas, lista de ubicación y dueño de las pinturas y guía sistemática de las pinturas
500 _aCon 146 ilustraciones
500 _aM45
600 1 4 _aVelázquez, Diego Rodriguez de la Silva y
_d1599-1660
_913964
650 1 4 _aPintores españoles
_97620
650 1 4 _aPïnturas españolas
_97789
700 1 _aGensel, Walther
_d1870-1910
_913965
902 _aGFM
942 _2lcc
_cB
999 _c5159
_d5159